000 00707nmm a2200253 a 4500
003 AR-BaBNM
005 20251128205917.0
008 068019s1996 ||||||||||||||000 | spa||
020 _a950-14-0885-X
040 _cAR-BaBNM
100 1 _aRubinstein, Santiago J.
245 1 0 _aLas incapacidades laborativas
_bderecho de los incapacitados : teoría y práctica
250 _a4ª ed. act. y aum.
260 _aBuenos Aires
_bDepalma
_c1996
300 0 _a339 p.
500 0 _aBIbliografía p. 335-339
650 4 _aDERECHO LABORAL
650 4 _aMEDICINA DEL TRABAJO
650 4 _aSEGURIDAD EN EL TRABAJO
650 4 _aLICENCIA
653 0 _aDISCAPACIDAD MOTORA
942 _cBK
998 _cCarmen
999 _c13262
_d13262